000 00841nam a22002177a 4500
003 OSt
005 20260312031138.0
008 260312b |||||||| |||| 00| 0 eng d
020 _a9780375855887
040 _aDWCL GS lib
_cOC
082 _aK65d 2008
100 _aKLIMO, KATE
245 _aThe Dragon in the sock drawer
_cKLIMO KATE
260 _aNew York
_bRandom House Children's Books
_c2008
300 _a159 p
_c21cm
520 _aa children’s fantasy about cousins Jesse and Daisy, who find a talking thunder egg that hatches into a baby dragon named Emmy.
650 _atells the story of ten-year-old cousins Jesse and Daisy who become caretakers of a baby dragon.
650 _aresponsibility, the importance of independent thinking, and looking beyond surface appearances.
700 _aKATE KLIMO
942 _2ddc
_cFIC.
_n0
999 _c9004
_d9004